01834nam a2200361Ia 4500001001200000003000800012006001900020007001500039008004100054010001700095020002600112020002900138040002100167035002100188050002400209082002100233245038900254260005800643300002400701504005100725533015200776650004400928650004000972655002901012700003201041700003201073700001901105710003301124710015501157710001701312856012601329999001701455ebr10267571CaPaEBRm u cr cn|||||||||080925s2009 dcua sb 001 0 eng d z 2008042174 z0309114675 (hardback) z9780309114677 (hardback) aCaPaEBRcCaPaEBR a(OCoLC)28195418014aRJ102b.A375 2009eb04a362.1960083522200aAdolescent health servicesh[electronic resource] :bmissing opportunities /cCommittee on Adolescent Health Care Services and Models of Care for Treatment, Prevention, and Healthy Development, Board on Children, Youth, and Families, National Research Council and Institute of Medicine of the National Academies ; Robert S. Lawrence, Jennifer Appleton Gootman, Leslie J. Sim, editors. aWashington, D.C. :bNational Academies Press,cc2009. axxi, 344 p. :bill. aIncludes bibliographical references and index. aElectronic reproduction.bPalo Alto, Calif. :cebrary,d2009.nAvailable via World Wide Web.nAccess may be limited to ebrary affiliated libraries. 0aTeenagersxMedical carezUnited States. 0aYouthxMedical carezUnited States. 7aElectronic books.2local1 aGootman, Jennifer Appleton.1 aLawrence, Robert S.,d1938-1 aSim, Leslie J.2 aInstitute of Medicine (U.S.)2 aNational Research Council (U.S.).bCommittee on Adolescent Health Care Services and Models of Care for Treatment, Prevention, and Healthy Development.2 aebrary, Inc.40uhttp://site.ebrary.com/lib/rucke/Doc?id=10267571zAn electronic book accessible through the World Wide Web; click to view c23649d23649